The pesticide book / (Record no. 18995)

000 -LEADER
fixed length control field 00456cam a2200181 i 4500
020 ## - INTERNATIONAL STANDARD BOOK NUMBER
ISBN 0913702587
020 ## - INTERNATIONAL STANDARD BOOK NUMBER
ISBN 9780913702581
040 ## - CATALOGING SOURCE
Transcribing agency CNKUC
082 ## - DEWEY DECIMAL CLASSIFICATION NUMBER
Classification number 628 THO 1994 C156 Or.
100 1# - MAIN ENTRY--AUTHOR NAME
Personal name Ware, George Whitaker,
245 14 - TITLE STATEMENT
Title The pesticide book /
250 ## - EDITION STATEMENT
Edition statement 4th ed.
260 ## - PUBLICATION, DISTRIBUTION, ETC. (IMPRINT)
Place of publication Fresno, Calif. :
Name of publisher Thomson Pub.,
Year of publication c1994.
300 ## - PHYSICAL DESCRIPTION
Number of Pages xii, 386 p. :
Other physical details ill. ;
Dimensions 28 cm.
500 ## - GENERAL NOTE
General note Includes index.
650 #0 - SUBJECT ADDED ENTRY--TOPICAL TERM
Topical Term Pesticides.
942 ## - ADDED ENTRY ELEMENTS (KOHA)
Koha item type ADB
952 ## - LOCATION AND ITEM INFORMATION (KOHA)
Withdrawn status [LOCAL, KOHA] 0
Holdings
Source of acquisition Permanent Location Date acquired Koha item type Lost status Shelving location Current Location Full call number
A36618Library Block C2020-02-19សៀវភៅភាសាអង់គ្លេស C157Library Block C628 THO 1994 C156 Or.
មជ្ឈមណ្ឌលឯការនៃសាកលវិទ្យាល័យភូមិន្ទកសិកម្មចំការដូង

Powered by Koha